| 000 | 02392nam a2200289 u 4500 | ||
|---|---|---|---|
| 001 | |||
| 003 | DO-SdBNP | ||
| 005 | 20251013140733.0 | ||
| 008 | 090710s2007 dr r 000 0 spa d | ||
| 020 | _a9789945421378 | ||
| 040 |
_aDO-SdBNP _bspa _cBPMSU |
||
| 082 |
_a972.9304 _bM516c, 2007 _222 |
||
| 100 | 1 |
_aMejía Ricart, Gustavo Adolfo, _d1893-1962 |
|
| 245 | 1 | 0 |
_aCrítica de nuestra historia moderna : _bprimer período del estado libre en la parte española de la isla de Santo Domingo / _cGustavo Adolfo Mejía Ricart. |
| 250 | _a2a. ed. | ||
| 260 |
_aSanto Domingo : _bBanReservas ; _bSociedad Dominicana de Bibliófilos, _c2007. |
||
| 300 |
_a230 p. ; _c22 cm. |
||
| 490 | 0 |
_aBibliófilos-BanReservas _v3 |
|
| 500 | _aIncluye índice onomástico. | ||
| 500 | _aIncluye refencias bibliográficas y notas al pie de las páginas | ||
| 505 | 0 |
_tPresentación / _rDaniel Toribio -- _tExordio / _rMariano Mella -- _tIntroducción a la segunda edición de la obra "Crítica de nuestra historia moderna :primer período del Estado libre en la parte española de la isla de Santo Domingo" de Gustavo Adolfo Mejía Ricart / _rMaría Filomena González Canalda -- _aEstado independiente de Haití español -- _gPreámbulo -- _tPor dónde tiene que empezar el estudio de nuestra historia moderna ? _tEl gobierno de los setenta días -- _tLa discutida personalidad del licenciado Núñez de Cáceres-- _tEl criterio que debe mantener la crítica racional acerca del hecho histórico -- _tLos últimos días del emancipador, y sus andanzas en América -- _tPrecedentes de la independencia efímera de este período -- _tNo entró el dominio de la historia el hecho político de la unión a Colombia -- _tEl linaje dominicano del general Simón Bolivar, y la culpa del desamparo a nuestra patria que se le achaca por parte de algunos de nuestros historiadores y publicistas. _gApéndices _tDeclaratoria de Independencia del Pueblo Dominicano -- _tActa constitutiva del gobierno provisional del Estado independiente de la parte espoñola de Haití -- _tActa de la sesión del 4 de diciembre de 1821 de la Junta Provisional de Gobierno del Estado Independiente de Hayti español -- _tÍndice onomástico. |
|
| 590 | _6inventariado, 2021/VM | ||
| 651 | 4 |
_aRepública Dominicana _xPresidente (1821: Cáceres ) |
|
| 651 | 4 |
_aRepública Dominicana _xHistoria _y1844-1861 |
|
| 910 | _a VMateo V. | ||
| 942 |
_2ddc _cBK |
||
| 999 |
_c13909 _d13909 |
||